000 01023nam a22002657a 4500
003 DO-SdBNP
005 20211012132100.0
007 ta
008 211012b2018 dr ||||| |||| 00| j spa d
020 _a9789945911602
040 _aDO-SdBNP
_bspa
_cBNPHU
082 _bP953t
245 0 0 _aPrimeras tintas /
_cMagdalena Lora, Patricia Álvarez, Eduardo…[et al.]
260 _aSanto Domingo :
_bLiberaetherious,
_c2018.
300 _a54 p. ;
_c16 cm.
505 _aIntroducción /
_rNewcombe Sosa
_tAsecinos de la noche /
_rMagdalena Lora --
_tEl vestido rojo /
_rPatricia Álvarez --
_tEmilio Salvador /
_rEduardo Peña --
_tNoche de Samhein /
_rNyanonima --
_tSu torcida prioridad /
_rAlejandro Peguero Marte --
_tTía Lola /
_rMercedes Varela.
700 1 _aLora, Magdalena
_980173
700 1 _a Álvarez, Patricia
_980174
700 1 _aPeña, Eduardo
_980175
700 1 _aNyanonima
_980176
700 1 _aPeguero Marte, Alejandro
_980177
700 1 _aVarela, Mercedes
_980178
910 _aLopérez
942 _2ddc
_cLBS1
999 _c50735
_d50735